Význam etiky v bankovníctve
Asociácia bánk a poisťovní prijala Kódex bankovej etiky ako súhrn základných pravidiel správania sa bánk, poisťovní a ich pracovníkov, tzn. dodržiavať určité pravidlá správania sa, ktoré presne nedefinuje zákon.
Guardado en:
| Autor principal: | |
|---|---|
| Formato: | Capítulo de libro |
| Lenguaje: | eslovaco |
| Materias: | |
| Etiquetas: |
Sin Etiquetas, Sea el primero en etiquetar este registro!
|
MARC
| LEADER | 00000naa a2200000 4500 | ||
|---|---|---|---|
| 001 | r014838 | ||
| 005 | 20221213113126.0 | ||
| 041 | 0 | |a slo | |
| 044 | |a SK | ||
| 245 | 1 | 0 | |a Význam etiky v bankovníctve |c A. Danko |
| 520 | |a Asociácia bánk a poisťovní prijala Kódex bankovej etiky ako súhrn základných pravidiel správania sa bánk, poisťovní a ich pracovníkov, tzn. dodržiavať určité pravidlá správania sa, ktoré presne nedefinuje zákon. | ||
| 610 | 2 | 0 | |a bankovníctvo |
| 610 | 2 | 0 | |a banky |
| 610 | 2 | 0 | |a poisťovne |
| 610 | 2 | 0 | |a etika |
| 610 | 2 | 0 | |a ABP Bratislava |
| 100 | 1 | |a Danko, A. | |